00546nam a22001937a 450000500170000001000130001702000230003003500130005303700160006604000120008208200150009410000180010924500410012726000370016827000710020530000210027665000200029765000350031720170124110145.0 aA-966499 c350.00a8175240202 aA-966499 bCen Lib/Ret aDPLbEN a617.1bSHA aSharma, O. P. aAthletic injuries /cby O. P. Sharma bKhel Sahitya KendraaDelhic1999 bDelhia474, 1st Floor, Shiv Market, Ashok Vihar, Wazir Pure110052 a176p. c20cm(Hb) aSports injuries aSports--Accidents and injuries